Most Exclusive economic zone (EEZ) area owned by citizens - exceptions - Statistics

General Stats
  • This quiz has been taken 4 times
  • The average score is 10 of 20
Answer Stats
Hint Answer % Correct
0.446 Denmark
100%
0.139 Canada
75%
0.184 Chile
75%
0.164 Guyana
75%
0.423 Norway
75%
0.199 Suriname
75%
0.059 Ecuador
50%
0.147 France
50%
0.051 Greece
50%
0.047 Libya
50%
0.181 Namibia
50%
0.095 Oman
50%
0.166 Portugal
50%
0.053 Russia
50%
0.083 Belize
25%
0.111 Costa Rica
25%
0.155 Equatorial Guinea
25%
0.077 Gabon
25%
0.054 Guinea-Bissau
25%
0.073 Panama
25%
No matching quizzes found
Score Distribution
Percent of People with Each Score
Percentile by Number Answered
Your Score History
You have not taken this quiz